[Event "Open Vitrolles 2021/2022"]
[Site "Vitrolles"]
[Date "2021.02.10"]
[Round "9.3"]
[White "Cens, Alain"]
[Black "Boghossian, Lucie"]
[Result "1/2-1/2"]
[WhiteElo "1431"]
[BlackElo "1396"]
[PlyCount "93"]
[EventDate "2021.??.??"]

1. c4 e5 2. Nc3 Nc6 3. g3 Bb4 4. Bg2 Bxc3 5. bxc3 Nce7 6. Nf3 d6 7. d4 e4 8.
Nd2 f5 9. d5 c6 10. dxc6 Nxc6 11. f3 Nf6 12. fxe4 O-O 13. O-O Qb6+ 14. Kh1 Ng4
15. Qe1 Ne3 16. Rb1 Qd8 17. Rf2 Nxg2 18. Kxg2 fxe4 19. Nf1 Ne5 20. Be3 Nxc4 21.
Bd4 b6 22. Rd1 Bb7 23. Kg1 Qg5 24. Nd2 Nxd2 25. Qxd2 Qxd2 26. Rxd2 Rae8 27. e3
Rxf2 28. Rxf2 Rf8 29. Rf4 Rxf4 30. gxf4 Bd5 31. a3 Kf7 32. Kf2 g6 33. Kg3 h6
34. h4 h5 35. Bh8 Be6 36. Bd4 Ke7 37. Kf2 Kd7 38. Ke1 Kc6 39. Kd2 Kb5 40. Kc1
Ka4 41. Kb2 Bc4 42. Bf6 a6 43. Be7 d5 44. Bd8 Kb5 45. Kc1 Ka4 46. Kb2 Kb5 47.
Kc1 1/2-1/2

[Event "Open Vitrolles 2021/2022"]
[Site "Vitrolles"]
[Date "2021.02.10"]
[Round "9.4"]
[White "Chauvet, Joelle"]
[Black "Briquet, Xavier"]
[Result "0-1"]
[WhiteElo "1356"]
[BlackElo "1426"]
[PlyCount "86"]
[EventDate "2021.??.??"]

1. d4 d5 2. Nf3 Nc6 3. e3 Nf6 4. Be2 e6 5. O-O Bd6 6. c4 b6 7. Nc3 a6 8. a3 Bb7
9. b4 dxc4 10. Bxc4 O-O 11. e4 Be7 12. d5 exd5 13. exd5 Nb8 14. Bf4 Nh5 15. Be3
Nd7 16. Qd3 b5 17. Bb3 Bd6 18. Bc2 Ndf6 19. Rad1 g6 20. Bg5 Bc8 21. Qd4 Be7 22.
Ne4 Nxe4 23. Bxe7 Qxe7 24. Bxe4 Re8 25. Rfe1 Qd6 26. g3 Nf6 27. Nd2 Bb7 28. Nb3
Nxe4 29. Rxe4 Rxe4 30. Qxe4 Rd8 31. Qf4 Qe7 32. Qe3 Qf6 33. Nc5 Rxd5 34. Qe8+
Kg7 35. Re1 Bc6 36. Qe3 Rf5 37. Nd3 Qd6 38. Nf4 g5 39. Nh5+ Kg6 40. g4 Rf3 41.
Qe5 Qxe5 42. Rxe5 Rxa3 43. Rc5 Ra1+ 0-1

[Event "Open Vitrolles 2021/2022"]
[Site "Vitrolles"]
[Date "2021.02.10"]
[Round "9.5"]
[White "Alvarez, Frederic"]
[Black "Corrias, Robert"]
[Result "1-0"]
[WhiteElo "1295"]
[BlackElo "1438"]
[PlyCount "101"]
[EventDate "2021.??.??"]

1. d4 Nf6 2. c4 e6 3. Nc3 Bb4 4. Nf3 O-O 5. Bg5 d6 6. e4 h6 7. Bxf6 Qxf6 8. Qc2
Nc6 9. O-O-O Bxc3 10. Qxc3 e5 11. d5 Qf4+ 12. Qe3 Qxe3+ 13. fxe3 Nb4 14. a3 Na6
15. b4 Bg4 16. h3 Bxf3 17. gxf3 Rad8 18. Rd2 Rd7 19. h4 g6 20. Rg1 Kh7 21. f4
Re7 22. f5 gxf5 23. exf5 Rg8 24. Rxg8 Kxg8 25. f6 Re8 26. e4 Kh7 27. Rg2 Rg8
28. Rxg8 Kxg8 29. h5 Kf8 30. Bh3 Nb8 31. Kb2 Ke8 32. Kc3 Kd8 33. a4 c6 34. c5
Kc7 35. Kc4 b6 36. Bg4 Na6 37. cxb6+ axb6 38. Be6 Nb8 39. Bxf7 Nd7 40. dxc6
Nxf6 41. Bd5 Nxh5 42. Kb5 Nf6 43. a5 bxa5 44. bxa5 Ne8 45. a6 Kb8 46. Kb6 Nc7
47. a7+ Kc8 48. Be6+ Kd8 49. Kb7 h5 50. Bf5 h4 51. Bg4 1-0

[Event "Open Vitrolles 2021/2022"]
[Site "Vitrolles"]
[Date "2021.02.10"]
[Round "9.6"]
[White "Leonti, Denis"]
[Black "Bouriel, Michel"]
[Result "0-1"]
[WhiteElo "1205"]
[BlackElo "1333"]
[PlyCount "40"]
[EventDate "2021.??.??"]

1. e4 c5 2. Nf3 d6 3. Bb5+ Bd7 4. Bxd7+ Qxd7 5. Nc3 Nf6 6. O-O g6 7. d3 Bg7 8.
Be3 O-O 9. Qd2 Nc6 10. Bh6 Nd4 11. Nxd4 Bxh6 12. Qxh6 cxd4 13. Ne2 e5 14. Qd2
Rac8 15. f4 Ng4 16. f5 Ne3 17. Rf3 Rxc2 18. Qe1 Rxb2 19. f6 Qg4 20. Rg3 Qxe2
0-1

[Event "Open Vitrolles 2021/2022"]
[Site "Vitrolles"]
[Date "2021.02.10"]
[Round "9.9"]
[White "Mars, Florence"]
[Black "Rannou, Danielle"]
[Result "1/2-1/2"]
[WhiteElo "1211"]
[BlackElo "1106"]
[PlyCount "97"]
[EventDate "2021.??.??"]

1. e4 e5 2. Nf3 d6 3. Nc3 Nf6 4. d4 exd4 5. Nxd4 Be7 6. Be2 O-O 7. O-O c5 8.
Nf3 Nc6 9. Be3 a6 10. a3 h6 11. Qc1 Ng4 12. Rd1 Nxe3 13. Qxe3 Bf6 14. Qd3 Be7
15. Nd5 Ne5 16. Nxe5 dxe5 17. f3 Be6 18. Nxe7+ Qxe7 19. Qc3 f6 20. Rd2 Rfd8 21.
Rad1 Rxd2 22. Qxd2 b5 23. Kf2 c4 24. Qd6 Qxd6 25. Rxd6 Kf7 26. Ke1 Ke7 27. Rd1
Rd8 28. Rxd8 Kxd8 29. Kd2 Kd7 30. Kc3 Kc6 31. Bf1 Kc5 32. b4+ Kb6 33. g3 Kc6
34. f4 Kd6 35. f5 Bf7 36. g4 Kc6 37. Kd2 Kb6 38. c3 Kc6 39. Ke3 Kd6 40. h4 Ke7
41. Be2 Kd6 42. Kf2 Ke7 43. Kg3 Kd6 44. g5 hxg5 45. hxg5 Ke7 46. Kh4 Kf8 47.
Bh5 Kg8 48. Bxf7+ Kxf7 49. Kh5 1/2-1/2

[Event "Open Vitrolles 2021/2022"]
[Site "Vitrolles"]
[Date "2021.02.10"]
[Round "9.10"]
[White "Cortes-Sobral, Maria"]
[Black "Guyard, Gerard"]
[Result "0-1"]
[WhiteElo "1199"]
[BlackElo "1280"]
[PlyCount "42"]
[EventDate "2021.??.??"]

1. e3 d6 2. Be2 c5 3. Nf3 g6 4. Nc3 Bg7 5. d4 cxd4 6. Nxd4 e5 7. Bb5+ Bd7 8.
Bxd7+ Nxd7 9. Ndb5 Bf8 10. Nxd6+ Bxd6 11. Qxd6 Ne7 12. Qxe5 Nxe5 13. f4 N5c6
14. Ne4 Nf5 15. O-O O-O 16. c3 Kg7 17. b4 Qd5 18. Bb2 Qxe4 19. Rac1 Nh4 20. c4+
Kg8 21. Rc3 Qxg2# 0-1